Armies in the Lord of the Rings, the Return of the King - Statistics

General Stats
  • This quiz has been taken 1,593 times
    1,577 since last reset
  • The average score is 6 of 10
Answer Stats
Hint Answer % Correct
Led by Theoden Rohan
95%
The besieged Gondor
90%
Led by the Witch King Mordor
77%
Led by Gwahir the Windlord The Eagles
71%
Had a force of Mumakil Haradrim
59%
Won the battle of Bywater The Shire
47%
Defeated by the Host of the Dead Umbar
41%
Realm of King Brand in the North Dale
30%
Venue for the Battle under the Trees Mirkwood
24%
Variags who fought for Sauron Khand
18%
No matching quizzes found
Score Distribution
Percent of People with Each Score
Percentile by Number Answered
Your Score History
You have not taken this quiz since the last reset